| 000 | 00639nam a2200229 i 4500 | ||
|---|---|---|---|
| 001 | bgj | ||
| 100 | 1 | _aKEE, Robert | |
| 245 | 1 | 0 |
_aIreland : _ba history / _cRobert Kee. |
| 250 |
_a[Rev. ed.] _a[repr.]. |
||
| 260 |
_aLondon : _bAbacus, _c1996. |
||
| 300 |
_a302 pp, [8] colour plates : _bmaps, phot., portr. |
||
| 500 | _aRev ed. publ. 1995. | ||
| 504 | _aBibliography pp 291-292. | ||
| 505 | _aIncl. chronology of events and index. | ||
| 651 | 9 |
_aIreland _xHistory |
|
| 020 | _a0349106789 (pbk) | ||
| 040 | _cBPK | ||
| 041 | 0 | _aeng | |
| 920 | _a0-349-10678-9 (pbk) | ||
| 942 | _cKS | ||
| 008 | s uk f |000 0 eng | ||
| 999 |
_c50115 _d50115 |
||
| 856 |
_uhttp://koha.tu.koszalin.pl/cgi-bin/koha/opac-detail.pl?biblionumber=50115 _yKatalog online BPK |
||